Länder Europas nach Bevölkerung - Statistiken

Allgemein
  • Dieses Quiz wurde 27.568 mal gespielt
    23.105 seit der letzten Aktualisierung
  • Das Durchschnittsergebnis liegt bei 31 aus 45
Antwortstatistiken
Bevölkerung Land % Korrekt
82.114.224 Deutschland
100%
104.000.000 Russland
100%
64.979.548 Frankreich
97%
59.359.900 Italien
94%
46.354.321 Spanien
94%
38.170.712 Polen
90%
11.429.336 Belgien
89%
17.035.938 Niederlande
87%
8.823.054 Österreich
87%
66.181.585 Vereinigtes Königreich
87%
19.679.306 Rumänien
85%
44.222.947 Ukraine
84%
11.159.773 Griechenland
81%
10.329.506 Portugal
81%
9.910.701 Schweden
80%
9.721.559 Ungarn
80%
792 Vatikanstadt
74%
5.523.231 Finnland
73%
5.733.551 Dänemark
70%
8.476.005 Schweiz
70%
37.922 Liechtenstein
67%
10.618.303 Tschechien
67%
33.400 San Marino
66%
76.965 Andorra
65%
2.890.297 Litauen
63%
38.695 Monaco
63%
9.468.338 Belarus
62%
7.084.571 Bulgarien
62%
1.309.632 Estland
62%
4.761.657 Irland
61%
1.949.670 Lettland
61%
7.058.322 Serbien
61%
583.455 Luxemburg
60%
5.305.383 Norwegen
60%
4.189.353 Kroatien
59%
5.447.662 Slowakei
58%
2.930.187 Albanien
57%
430.835 Malta
55%
335.025 Island
52%
2.079.976 Slowenien
49%
3.507.017 Bosnien und Herzegowina
48%
2.083.160 Nordmazedonien
47%
1.907.592 Kosovo
46%
4.051.212 Moldawien
45%
628.960 Montenegro
45%
Keine übereinstimmenden Quizze gefunden
Verteilung der Resultate
Anzahl Personen mit jedem Resultat
Perzentil nach korrekt beantworteten Fragen
Ihre Resultats-Entwicklung
Sie haben dieses Quiz seit der letzten Aktualisierung nicht gespielt